effect of utilizing fresh cassava foliage as helminthic on nematodes in intestinal of goats (​ ឥទ្ធិពលនៃការប្រើប្រាស់ស្លឹកដំឡូងមីស្រស់លើព្រុនណេម៉ាតូតក្នុងពោះវៀនពពែ) (Record no. 1967)

000 -LEADER
fixed length control field 00666nam a22001577a 4500
003 - CONTROL NUMBER IDENTIFIER
control field OSt
005 - DATE AND TIME OF LATEST TRANSACTION
control field 20151006080742.0
008 - FIXED-LENGTH DATA ELEMENTS--GENERAL INFORMATION
fixed length control field 151006b xxu||||| |||| 00| 0 eng d
040 ## - CATALOGING SOURCE
Transcribing agency RUA
082 ## - DEWEY DECIMAL CLASSIFICATION NUMBER
Classification number AVM VON 2005 B074 Or.1
100 ## - MAIN ENTRY--PERSONAL NAME
9 (RLIN) 2083
Personal name VONG, SOVATH.
245 ## - TITLE STATEMENT
Title effect of utilizing fresh cassava foliage as helminthic on nematodes in intestinal of goats (​ ឥទ្ធិពលនៃការប្រើប្រាស់ស្លឹកដំឡូងមីស្រស់លើព្រុនណេម៉ាតូតក្នុងពោះវៀនពពែ)
260 ## - PUBLICATION, DISTRIBUTION, ETC. (IMPRINT)
Place of publication, distribution, etc. Phnom Penh
Name of publisher, distributor, etc. RUA
Date of publication, distribution, etc. 2005
300 ## - PHYSICAL DESCRIPTION
Extent ix, 37p.
Other physical details ill.
Dimensions 29cm.
942 ## - ADDED ENTRY ELEMENTS (KOHA)
Source of classification or shelving scheme
Koha item type AVM
Holdings
Price effective from Date last seen Permanent Location Not for loan Date acquired Source of classification or shelving scheme Koha item type Lost status Withdrawn status Date last checked out Total Checkouts Shelving location Damaged status Barcode Current Location Full call number
2015-10-062016-07-12Library Block B 2015-10-06 AVM  2016-07-081B074 RUA009187Library Block BAVM VON 2005 B074 Or.1
2015-10-062017-10-27Library Block B 2015-10-06 AVM  2017-10-161B074 RUA009039Library Block BAVM VON 2005 B074 Or.2
2015-10-062019-11-26Library Block B 2015-10-06 AVM  2019-11-081B074 RUA009046Library Block BAVM VON 2005 B074 Or.3
មជ្ឈមណ្ឌលឯការនៃសាកលវិទ្យាល័យភូមិន្ទកសិកម្មចំការដូង

Powered by Koha